[Event "C'Chartres Blitz op April"]
[Site "Europe Echecs INT"]
[Date "2021.04.10"]
[Round "3"]
[White "Sonis, Francesco"]
[Black "Bremond, Eric"]
[Result "1-0"]
[WhiteElo "2493"]
[BlackElo "2228"]
[PlyCount "197"]
[EventDate "2021.04.10"]
[EventType "swiss (blitz)"]
[EventRounds "11"]
[EventCountry "FRA"]
[SourceTitle "CBM 201 Extra"]
[Source "ChessBase"]
[SourceDate "2021.05.31"]
[SourceVersion "1"]
[SourceVersionDate "2021.05.31"]
[SourceQuality "1"]

1. d4 Nf6 2. c4 g6 3. g3 Bg7 4. Bg2 0-0 5. Nc3 d6 6. Nf3 c5 7. 0-0 Nc6 8. dxc5 dxc5 9. Be3 Qa5 10. Qa4 Nd7 11. Qxa5 Nxa5 12. Nd2 Nc6 13. Rac1 Nd4 14. Nb3 Rb8 15. Nb5 Nxe2+ 16. Kh1 Nxc1 17. Rxc1 a6 18. Nc7 Bxb2 19. Rb1 Be5 20. Nd5 Bd6 21. Bf4 Bxf4 22. Nxe7+ Kg7 23. gxf4 Re8 24. Nxc8 Rexc8 25. Na5 b5 26. Rd1 Nb6 27. cxb5 axb5 28. Nc6 Rb7 29. Ne5 Ra7 30. Rd2 c4 31. Bf1 f6 32. Nf3 Rd7 33. Rb2 Rc5 34. Kg2 Na4 35. Rc2 Nb6 36. Nd2 Nd5 37. Ne4 Nxf4+ 38. Kg3 Rf5 39. f3 Nd3 40. a4 bxa4 41. Rxc4 Rxf3+ 42. Kxf3 Ne5+ 43. Ke3 Nxc4+ 44. Bxc4 a3 45. Nc5 Rc7 46. Ne6+ Kh6 47. Nxc7 f5 48. Kf4 Kg7 49. h4 h6 50. Nb5 Kf6 51. Nxa3 g5+ 52. hxg5+ hxg5+ 53. Kf3 Ke5 54. Nc2 Kf6 55. Bd3 Ke5 56. Ba6 Kf6 57. Bc8 Ke5 58. Ne3 g4+ 59. Kg2 Kf4 60. Nxf5 g3 61. Nxg3 Kg5 62. Kf3 Kf6 63. Kf4 Ke7 64. Ke5 Kd8 65. Be6 Ke7 66. Nf5+ Kf8 67. Kf6 Ke8 68. Nd6+ Kd8 69. Nf7+ Kc7 70. Ke5 Kc6 71. Nd6 Kc5 72. Bd5 Kb4 73. Ne4 Ka3 74. Kd4 Kb2 75. Kd3 Kc1 76. Nc3 Kb2 77. Ne2 Ka3 78. Kc4 Kb2 79. Nd4 Kc1 80. Kd3 Kb2 81. Be4 Ka3 82. Kc3 Ka2 83. Nb3 Ka3 84. Bb1 Ka4 85. Nd4 Ka3 86. Nb5+ Ka4 87. Kc4 Ka5 88. Kc5 Ka4 89. Bc2+ Ka5 90. Bd1 Ka6 91. Nd6 Ka5 92. Nb7+ Ka6 93. Kc6 Ka7 94. Kc7 Ka6 95. Be2+ Ka7 96. Nd6 Ka8 97. Bf1 Ka7 98. Nc8+ Ka8 99. Bg2# 1-0

[Event "FRA-chT1A 0607"]
[Site "France"]
[Date "2007.03.10"]
[Round "10.8"]
[White "Baldi, Elise"]
[Black "Bremond, Eric"]
[Result "0-1"]
[WhiteElo "1760"]
[BlackElo "2244"]
[PlyCount "32"]
[EventDate "2006.10.15"]
[EventType "team-tourn"]
[EventRounds "11"]
[EventCountry "FRA"]
[SourceTitle "EXT 2008"]
[Source "ChessBase"]
[SourceDate "2007.11.25"]
[SourceVersion "1"]
[SourceVersionDate "2007.11.25"]
[SourceQuality "1"]
[WhiteTeam "Issy les Moulineaux"]
[BlackTeam "Bois Colombes"]
[WhiteTeamCountry "FRA"]
[BlackTeamCountry "FRA"]

1. d4 Nf6 2. c4 c5 3. d5 b5 4. cxb5 a6 5. bxa6 Bxa6 6. Nc3 d6 7. g3 g6 8. Bg2 Bg7 9. e4 0-0 10. Nge2 Nbd7 11. 0-0 Ne5 12. f4 Nd3 13. Qd2 Qb6 14. Rd1 Ng4 15. Na4 Qa7 16. Nec3 Bd4+ 0-1

[Event "FRA-chT N1"]
[Site "France"]
[Date "2005.05.05"]
[Round "8.8"]
[White "Ramon, Didier"]
[Black "Bremond, Eric"]
[Result "0-1"]
[WhiteElo "2181"]
[BlackElo "2240"]
[PlyCount "76"]
[EventDate "2005.05.05"]
[EventType "team"]
[EventRounds "11"]
[EventCountry "FRA"]
[SourceTitle "EXT 2006"]
[Source "ChessBase"]
[SourceDate "2005.11.24"]
[SourceVersion "1"]
[SourceVersionDate "2005.11.24"]
[SourceQuality "1"]

1. d4 Nf6 2. c4 g6 3. Nc3 Bg7 4. Bg5 0-0 5. e3 d6 6. h3 c5 7. Nf3 b6 8. Be2 Bb7 9. d5 e6 10. e4 h6 11. Be3 b5 12. dxe6 b4 13. exf7+ Rxf7 14. Nd5 Nxd5 15. exd5 Bxb2 16. Rb1 Bc3+ 17. Nd2 Kh7 18. 0-0 Qe7 19. Bd3 Nd7 20. Qh5 Ne5 21. Bxg6+ Nxg6 22. Qxh6+ Kg8 23. Qxg6+ Rg7 24. Qh5 Rf8 25. Nf3 Qe4 26. Bh6 Rf5 27. Qh4 Rxg2+ 28. Kxg2 Qxf3+ 29. Kg1 Rh5 30. Qd8+ Kh7 31. Rfe1 Rxh6 32. Re7+ Bg7 33. Rb3 Rg6+ 34. Kf1 Qd1+ 35. Re1 Qh5 36. Re4 Qd1+ 37. Re1 Qd4 38. Qd7 Ba6 0-1

[Event "FRA-chT N1"]
[Site "Drancy"]
[Date "2005.02.06"]
[Round "3"]
[White "Bremond, Eric"]
[Black "Ravot, Sylvain"]
[Result "0-1"]
[WhiteElo "2240"]
[BlackElo "2253"]
[PlyCount "114"]
[EventDate "2005.02.04"]
[EventType "team"]
[EventRounds "11"]
[EventCountry "FRA"]
[SourceTitle "EXT 2006"]
[Source "ChessBase"]
[SourceDate "2005.11.24"]
[SourceVersion "1"]
[SourceVersionDate "2005.11.24"]
[SourceQuality "1"]

1. e4 e5 2. Nf3 Nc6 3. Bc4 Nf6 4. Ng5 Bc5 5. Nxf7 Bxf2+ 6. Kxf2 Nxe4+ 7. Kg1 Qh4 8. g3 Nxg3 9. Nxh8 Ne4 10. Qf3 Ng5 11. Qg3 Qd4+ 12. Kf1 d5 13. h4 Ne4 14. Qe3 dxc4 15. Nc3 Qxe3 16. dxe3 Ng3+ 17. Kg1 Nxh1 18. Nd5 Rb8 19. Nxc7+ Ke7 20. Nd5+ Kd6 21. Nc3 Be6 22. Ne4+ Ke7 23. Ng5 Rxh8 24. b3 b5 25. bxc4 Bxc4 26. Kxh1 h6 27. Nh3 Rd8 28. Nf2 Ke6 29. a4 b4 30. Kg2 a5 31. Kg3 Be2 32. Ne4 Rd1 33. Kf2 Bh5 34. Nc5+ Kd5 35. Nd3 Bg6 36. Ne1 Kc4 37. Rb1 Ne7 38. Ke2 Bh5+ 39. Kf2 Nd5 40. Nd3 Nc3 41. Nb2+ Kd5 42. Nxd1 Nxb1 43. e4+ Kxe4 44. Nb2 Na3 45. Be3 Kd5 46. Bb6 Nxc2 47. Bxa5 e4 48. Bb6 Be8 49. Ke2 Nd4+ 50. Kf2 Nf5 51. Bd8 Kd4 52. Bb6+ Kc3 53. Nd1+ Kd2 54. Ne3 b3 55. a5 Bb5 56. Nxf5 b2 57. Be3+ Kd3 0-1

[Event "FRA-chT N1"]
[Site "Drancy"]
[Date "2005.02.04"]
[Round "1"]
[White "Bremond, Eric"]
[Black "Karr, Jean Philippe"]
[Result "1/2-1/2"]
[WhiteElo "2240"]
[BlackElo "2357"]
[PlyCount "50"]
[EventDate "2005.02.04"]
[EventType "team"]
[EventRounds "11"]
[EventCountry "FRA"]
[SourceTitle "EXT 2006"]
[Source "ChessBase"]
[SourceDate "2005.11.24"]
[SourceVersion "1"]
[SourceVersionDate "2005.11.24"]
[SourceQuality "1"]

1. e4 c5 2. Nf3 Nc6 3. d4 cxd4 4. Nxd4 Nf6 5. Nc3 e5 6. Ndb5 d6 7. Bg5 a6 8. Na3 b5 9. Bxf6 gxf6 10. Nd5 f5 11. Bxb5 axb5 12. Nxb5 Ra4 13. 0-0 Rxe4 14. Nbc7+ Kd7 15. Qh5 Ne7 16. Qxf7 Kc6 17. c4 Qd7 18. Na8 Ng6 19. Nb4+ Kb7 20. Qd5+ Kb8 21. Nc6+ Kxa8 22. Qb5 Qb7 23. Qa5+ Qa6 24. Qc7 Qb7 25. Qa5+ Qa6 1/2-1/2

[Event "FRA-chT2 0304"]
[Site "France"]
[Date "2004.04.04"]
[Round "11"]
[White "Bremond, Eric"]
[Black "Tillet, Louis Juan"]
[Result "0-1"]
[WhiteElo "2259"]
[BlackElo "2227"]
[PlyCount "88"]
[EventDate "2003.10.??"]
[EventType "team"]
[EventRounds "11"]
[EventCountry "FRA"]
[SourceTitle "EXT 2005"]
[Source "ChessBase"]
[SourceDate "2004.11.15"]
[SourceVersion "1"]
[SourceVersionDate "2004.11.15"]
[SourceQuality "1"]

1. e4 e5 2. Nf3 Nf6 3. Nxe5 d6 4. Nf3 Nxe4 5. d4 d5 6. Bd3 Bd6 7. 0-0 0-0 8. c4 c6 9. Qc2 Be6 10. Nc3 Nxc3 11. bxc3 dxc4 12. Bxh7+ Kh8 13. Ng5 Bd5 14. Qe2 Nd7 15. Qh5 Nf6 16. Qh4 Qe7 17. Bc2+ Kg8 18. Nh7 Ne4 19. Qxe7 Bxe7 20. Nxf8 Kxf8 21. Bb2 b5 22. Rfe1 Nf6 23. f4 a5 24. h3 b4 25. Re2 Bd6 26. g3 Rd8 27. Kh2 Rb8 28. Rf1 Be6 29. f5 Bd7 30. Rf3 Nd5 31. Be4 Nf6 32. Bc2 Nd5 33. Be4 Nf6 34. Bc2 Nd5 35. Kg2 c5 36. dxc5 Bxc5 37. Re5 Bc6 38. Be4 Rd8 39. f6 gxf6 40. Rh5 Nxc3 41. Bxc3 bxc3 42. Bxc6 Rd2+ 43. Kf1 c2 44. Rc3 Rf2+ 0-1

[Event "FRA-chT2 0304"]
[Site "France"]
[Date "2003.10.12"]
[Round "1"]
[White "Houhou, Olivier"]
[Black "Bremond, Eric"]
[Result "1-0"]
[WhiteElo "2250"]
[BlackElo "2259"]
[PlyCount "31"]
[EventDate "2003.10.??"]
[EventType "team"]
[EventRounds "11"]
[EventCountry "FRA"]
[SourceTitle "EXT 2005"]
[Source "ChessBase"]
[SourceDate "2004.11.15"]
[SourceVersion "1"]
[SourceVersionDate "2004.11.15"]
[SourceQuality "1"]

1. e4 c5 2. c3 Qa5 3. Nf3 Nc6 4. Bc4 e6 5. 0-0 b5 6. Bb3 c4 7. Bc2 Nf6 8. d4 cxd3 9. Qxd3 Be7 10. Nbd2 Ba6 11. b4 Qc7 12. a4 Rc8 13. axb5 Ne5 14. Nxe5 Qxe5 15. Rxa6 Rxc3 16. Nc4 1-0

[Event "FRA-chT2S 0203"]
[Site "France"]
[Date "2003.03.16"]
[Round "9.2"]
[White "Bremond, Eric"]
[Black "Krivokapic, Ratko"]
[Result "1-0"]
[WhiteElo "2286"]
[BlackElo "2251"]
[PlyCount "57"]
[EventDate "2002.10.??"]
[EventType "team"]
[EventRounds "11"]
[EventCountry "FRA"]
[SourceTitle "EXT 2004"]
[Source "ChessBase"]
[SourceDate "2003.11.25"]
[SourceVersion "1"]
[SourceVersionDate "2003.11.25"]
[SourceQuality "1"]
[WhiteTeam "Bois Colombes"]
[BlackTeam "Le Vesinet"]
[WhiteTeamCountry "FRA"]
[BlackTeamCountry "FRA"]

1. e4 c5 2. Nf3 e6 3. Nc3 Nc6 4. d4 cxd4 5. Nxd4 Nf6 6. Ndb5 Bb4 7. a3 Bxc3+ 8. Nxc3 d5 9. Bd3 d4 10. Ne2 e5 11. 0-0 0-0 12. Ng3 Bg4 13. f3 Be6 14. h3 Nd7 15. f4 exf4 16. Bxf4 Nde5 17. Qh5 f6 18. Bxe5 Nxe5 19. Rf4 Qc7 20. Raf1 Bf7 21. Qe2 Ng6 22. Rg4 Ne5 23. Rgf4 Be6 24. Nf5 Rad8 25. Qf2 Bxf5 26. Rxf5 Qb6 27. Rxe5 Qxb2 28. Re7 Rfe8 29. Rxg7+ 1-0

[Event "FRA-chT2S 0203"]
[Site "France"]
[Date "2003.??.??"]
[Round "11.3"]
[White "Bremond, Eric"]
[Black "Carlier, Bruno"]
[Result "1-0"]
[WhiteElo "2286"]
[BlackElo "2397"]
[PlyCount "51"]
[EventDate "2002.10.??"]
[EventType "team"]
[EventRounds "11"]
[EventCountry "FRA"]
[SourceTitle "EXT 2004"]
[Source "ChessBase"]
[SourceDate "2003.11.25"]
[SourceVersion "1"]
[SourceVersionDate "2003.11.25"]
[SourceQuality "1"]
[WhiteTeam "Bois Colombes"]
[BlackTeam "Cappelle la Grande"]
[WhiteTeamCountry "FRA"]
[BlackTeamCountry "FRA"]

1. e4 g6 2. d4 Bg7 3. Nc3 d6 4. f4 c6 5. Be3 Qb6 6. Qd2 Qxb2 7. Rb1 Qa3 8. Nf3 Nf6 9. Bc4 0-0 10. h3 b5 11. Bd3 b4 12. Ne2 Na6 13. 0-0 d5 14. Ng3 dxe4 15. Nxe4 Be6 16. f5 Bd5 17. Nxf6+ exf6 18. Bh6 Rab8 19. Ne5 Rbd8 20. Ng4 Rd6 21. Bxg7 Kxg7 22. Qh6+ Kg8 23. fxg6 fxg6 24. Bxg6 Rd7 25. Rxf6 b3 26. Rbf1 1-0

[Event "Clichy 14th"]
[Site "Clichy"]
[Date "2002.??.??"]
[Round "6"]
[White "Bremond, Eric"]
[Black "Foisor, Cristina Adela B"]
[Result "0-1"]
[WhiteElo "2296"]
[BlackElo "2438"]
[PlyCount "74"]
[EventDate "2002.03.09"]
[EventType "tourn"]
[EventRounds "9"]
[EventCountry "FRA"]
[EventCategory "4"]
[SourceTitle "CBM 087 Extra"]
[Source "ChessBase"]
[SourceDate "2002.05.03"]
[SourceVersion "2"]
[SourceVersionDate "2002.08.09"]
[SourceQuality "1"]

1. e4 c6 2. Nc3 g6 3. d4 d5 4. e5 h5 5. f4 Nh6 6. Nf3 Bg4 7. Be3 e6 8. h3 Bxf3 9. Qxf3 Nf5 10. Bf2 h4 11. Bd3 Qb6 12. 0-0 Nd7 13. Ne2 Qc7 14. b3 Ba3 15. Rab1 Be7 16. Rfc1 Ba3 17. Rd1 a5 18. c4 Kf8 19. Rd2 Qd8 20. Rc2 Nb8 21. Nc3 Nxd4 22. Bxd4 dxc4 23. Qe3 cxd3 24. Rd2 Na6 25. Rxd3 c5 26. b4 cxd4 27. Rxd4 Qe7 28. Ne4 Bxb4 29. a3 Bxa3 30. Rbd1 Bc5 31. Nxc5 Qxc5 32. f5 exf5 33. Kh1 Re8 34. Qb3 Qxe5 35. Rd5 Qg3 36. Qxb7 Kg7 37. Qb2+ Kh6 0-1

[Event "Clichy 14th"]
[Site "Clichy"]
[Date "2002.??.??"]
[Round "1"]
[White "Bremond, Eric"]
[Black "Mrdja, Milan"]
[Result "0-1"]
[WhiteElo "2296"]
[BlackElo "2399"]
[PlyCount "52"]
[EventDate "2002.03.09"]
[EventType "tourn"]
[EventRounds "9"]
[EventCountry "FRA"]
[EventCategory "4"]
[SourceTitle "CBM 087 Extra"]
[Source "ChessBase"]
[SourceDate "2002.05.03"]
[SourceVersion "2"]
[SourceVersionDate "2002.08.09"]
[SourceQuality "1"]

1. e4 c5 2. Nf3 d6 3. d4 cxd4 4. Nxd4 Nf6 5. Nc3 a6 6. Bg5 Nbd7 7. Qe2 b5 8. 0-0-0 Bb7 9. f4 e5 10. Nf5 Qc7 11. Nd5 Nxd5 12. exd5 f6 13. fxe5 dxe5 14. Bh4 0-0-0 15. d6 Qc6 16. Qe3 Nb6 17. Be2 Nd5 18. Qh3 Kb8 19. Bf3 Qc5 20. b4 Nxb4 21. Rd2 Qc3 22. Re2 Nd3+ 23. Kd1 Nf4 24. Qg3 Bxd6 25. Be4 Ba3+ 26. Bd3 Rxd3+ 0-1

[Event "Clichy 14th"]
[Site "Clichy"]
[Date "2002.??.??"]
[Round "7"]
[White "Foisor, Ovidiu Doru"]
[Black "Bremond, Eric"]
[Result "1/2-1/2"]
[WhiteElo "2443"]
[BlackElo "2296"]
[PlyCount "37"]
[EventDate "2002.03.09"]
[EventType "tourn"]
[EventRounds "9"]
[EventCountry "FRA"]
[EventCategory "4"]
[SourceTitle "CBM 087 Extra"]
[Source "ChessBase"]
[SourceDate "2002.05.03"]
[SourceVersion "2"]
[SourceVersionDate "2002.08.09"]
[SourceQuality "1"]

1. Nf3 Nf6 2. g3 g6 3. Bg2 Bg7 4. 0-0 0-0 5. d4 d6 6. c4 Nc6 7. Nc3 a6 8. e3 Rb8 9. Qe2 e5 10. dxe5 Nxe5 11. Nxe5 dxe5 12. Rd1 Qe7 13. e4 c6 14. Be3 Bg4 15. f3 Be6 16. c5 Rfd8 17. b3 Rxd1+ 18. Rxd1 Rd8 19. Na4 1/2-1/2

[Event "FRA-chT"]
[Site "France"]
[Date "1989.??.??"]
[Round "?"]
[White "Bremond, Eric"]
[Black "Flear, Glenn C"]
[Result "0-1"]
[WhiteElo "2345"]
[BlackElo "2500"]
[PlyCount "84"]
[EventDate "1989.??.??"]
[EventType "team"]
[EventRounds "11"]
[EventCountry "FRA"]
[SourceTitle "TD"]
[Source "ChessBase"]
[SourceDate "1994.03.01"]
[SourceVersion "1"]
[SourceVersionDate "1994.03.01"]
[SourceQuality "1"]

1. e4 e5 2. Nf3 Nc6 3. Bb5 a6 4. Ba4 Nf6 5. Qe2 Be7 6. 0-0 b5 7. Bb3 0-0 8. a4 Bb7 9. c3 d5 10. d3 Re8 11. Bg5 Na5 12. Bc2 h6 13. Bh4 Nh5 14. Bxe7 Qxe7 15. g3 b4 16. Nbd2 Nf6 17. Nh4 bxc3 18. bxc3 Qc5 19. Rfc1 Rad8 20. Bd1 dxe4 21. dxe4 Rd7 22. Nhf3 Red8 23. Rab1 Rd3 24. c4 Bc6 25. Bc2 Rc3 26. Bb3 Rxc1+ 27. Rxc1 Nxe4 28. Nxe4 Bxe4 29. Qxe4 Nxb3 30. Rb1 Nd4 31. Re1 f5 32. Qb7 Nxf3+ 33. Qxf3 e4 34. Qh5 Rd2 35. Re3 Qxc4 36. Kg2 Qc5 37. Kh3 Kh7 38. g4 Rxf2 39. Rg3 g6 40. Qh4 f4 41. Rb3 g5 42. Qh5 Qc4 0-1

[Event "FRA-chT"]
[Site "France"]
[Date "1989.??.??"]
[Round "?"]
[White "Bremond, Eric"]
[Black "Miralles, Gilles"]
[Result "0-1"]
[WhiteElo "2345"]
[BlackElo "2400"]
[PlyCount "48"]
[EventDate "1989.??.??"]
[EventType "team"]
[EventRounds "11"]
[EventCountry "FRA"]
[SourceTitle "TD"]
[Source "ChessBase"]
[SourceDate "1994.03.01"]
[SourceVersion "1"]
[SourceVersionDate "1994.03.01"]
[SourceQuality "1"]

1. e4 c5 2. Nf3 d6 3. d4 cxd4 4. Nxd4 Nf6 5. Nc3 a6 6. h3 b5 7. Nd5 Nxd5 8. exd5 Bb7 9. c4 g6 10. Bg5 Bg7 11. Qd2 0-0 12. b3 Nd7 13. Be2 Nc5 14. Bf3 bxc4 15. bxc4 Qc7 16. Rb1 e5 17. dxe6 Ne4 18. Qd3 Nxg5 19. Rxb7 Nxf3+ 20. Qxf3 Qa5+ 21. Ke2 Qe5+ 22. Kf1 fxe6 23. Rxg7+ Kxg7 24. Qg4 Rae8 0-1

[Event "Cannes op"]
[Site "Cannes"]
[Date "1989.??.??"]
[Round "?"]
[White "Bremond, Eric"]
[Black "Spiridonov, Nikola"]
[Result "1/2-1/2"]
[WhiteElo "2345"]
[BlackElo "2390"]
[PlyCount "133"]
[EventDate "1989.02.??"]
[EventType "swiss"]
[EventRounds "9"]
[EventCountry "FRA"]
[SourceTitle "TD"]
[Source "ChessBase"]
[SourceDate "1994.03.01"]
[SourceVersion "1"]
[SourceVersionDate "1994.03.01"]
[SourceQuality "1"]

1. e4 c6 2. Nc3 d5 3. Nf3 Bg4 4. h3 Bxf3 5. Qxf3 Nf6 6. d3 e6 7. g3 Bb4 8. a3 Bxc3+ 9. bxc3 Qa5 10. Bd2 dxe4 11. dxe4 Nbd7 12. Bd3 0-0 13. 0-0 Rfd8 14. Rfb1 Ne5 15. Qe3 b5 16. Be1 Qb6 17. Qe2 Qc5 18. a4 a6 19. Kg2 Qd6 20. Rd1 Nxd3 21. cxd3 Nd7 22. Bd2 Nc5 23. axb5 axb5 24. d4 Na4 25. Bf4 Qd7 26. Rac1 Nb6 27. Qg4 Nc4 28. Bg5 f5 29. Qf3 Rf8 30. Kg1 h6 31. Be3 fxe4 32. Qxe4 Qd5 33. Qxd5 exd5 34. Re1 Ra2 35. Ra1 Rc2 36. Ra7 Nxe3 37. Rxe3 Rcxf2 38. g4 R2f3 39. Rae7 Rxe3 40. Rxe3 Kf7 41. Kf2 Re8 42. Rf3+ Kg8 43. Rg3 Re4 44. Rg1 Kf7 45. Ra1 Kf6 46. Ra6 Re6 47. h4 g5 48. h5 Ke7 49. Ra8 Kd6 50. Rd8+ Kc7 51. Rh8 Kb6 52. Rb8+ Kc7 53. Rh8 Rf6+ 54. Kg3 Kb7 55. Kg2 Kb6 56. Rb8+ Kc7 57. Rh8 Kd7 58. Kg3 Ke6 59. Re8+ Kf7 60. Ra8 Ke7 61. Rc8 Kd7 62. Rh8 Kd6 63. Rd8+ Kc7 64. Rh8 Kd7 65. Kg2 Ke7 66. Rc8 Kd6 67. Rd8+ 1/2-1/2

[Event "FRA-chT 8788"]
[Site "France"]
[Date "1988.03.12"]
[Round "8"]
[White "Jasinczuk, Jean"]
[Black "Bremond, Eric"]
[Result "0-1"]
[WhiteElo "2130"]
[BlackElo "2345"]
[PlyCount "84"]
[EventDate "1987.10.24"]
[EventType "team-match"]
[EventRounds "11"]
[EventCountry "FRA"]
[SourceTitle "EXT 2005"]
[Source "ChessBase"]
[SourceDate "2004.11.15"]
[SourceVersion "1"]
[SourceVersionDate "2004.11.15"]
[SourceQuality "1"]
[WhiteTeam "Zoo Porte Doree"]
[BlackTeam "Caen"]
[WhiteTeamCountry "FRA"]
[BlackTeamCountry "FRA"]

1. Nf3 Nf6 2. c4 g6 3. Nc3 Bg7 4. g3 0-0 5. Bg2 d6 6. d4 c5 7. 0-0 Nc6 8. d5 Na5 9. Nd2 a6 10. Qc2 Rb8 11. b3 b5 12. Bb2 e5 13. Rae1 bxc4 14. bxc4 Bh6 15. Ncb1 Bd7 16. Bc3 Ne8 17. e3 f5 18. f4 e4 19. g4 Bg7 20. Kh1 Bxc3 21. Nxc3 Qh4 22. gxf5 gxf5 23. Rg1 Kf7 24. Rb1 Nf6 25. Rxb8 Rxb8 26. Bxe4 fxe4 27. Ncxe4 Rg8 28. Nxd6+ Kf8 29. Rxg8+ Nxg8 30. Qb1 Qf2 31. N6e4 Qxe3 32. Qb8+ Kf7 33. Qc7 Nf6 34. Nd6+ Kg6 35. f5+ Kh5 36. Qxa5 Qe1+ 37. Kg2 Ng4 38. N6e4 Qe2+ 39. Kg3 Qxh2+ 40. Kf3 Ne5+ 41. Ke3 Bxf5 42. Nxc5 Ng4+ 0-1

[Event "Caen schev"]
[Site "Caen"]
[Date "1988.??.??"]
[Round "3"]
[White "Canonne, Antoine"]
[Black "Bremond, Eric"]
[Result "0-1"]
[WhiteElo "2100"]
[BlackElo "2345"]
[PlyCount "124"]
[EventDate "1988.??.??"]
[EventType "schev"]
[EventRounds "5"]
[EventCountry "FRA"]
[SourceTitle "EXT 2004"]
[Source "ChessBase"]
[SourceDate "2003.11.25"]
[SourceVersion "1"]
[SourceVersionDate "2003.11.25"]
[SourceQuality "1"]

1. e4 c5 2. Nc3 Nc6 3. f4 g6 4. Nf3 Bg7 5. Bb5 Nd4 6. 0-0 Nxb5 7. Nxb5 Nf6 8. d3 0-0 9. Qe1 d6 10. Kh1 a6 11. Nc3 b5 12. Qh4 e6 13. Bd2 b4 14. Nd1 Nd7 15. Qxd8 Rxd8 16. a3 Rb8 17. axb4 cxb4 18. Ra5 Nc5 19. b3 Bd7 20. Ne3 Rdc8 21. Nc4 Rc6 22. Re1 Nb7 23. Ra2 a5 24. Rc1 Be8 25. e5 dxe5 26. fxe5 Rc5 27. d4 Rd5 28. Be3 Rb5 29. Nfd2 Bc6 30. Kg1 Bf8 31. Rca1 Ra8 32. Bg5 Bd5 33. Ne3 Bc6 34. Nec4 h6 35. Bf4 g5 36. Be3 Kg7 37. Nf1 Bd5 38. Ncd2 Rc8 39. Rb2 Be7 40. g4 Rb6 41. Ng3 Rbc6 42. Rc1 Bd8 43. Nde4 Kg6 44. Nd2 Rc3 45. Kf2 Bb6 46. Nge4 R3c7 47. Nf6 Rd8 48. Nxd5 Rxd5 49. Nf3 f5 50. gxf5+ exf5 51. Rg1 g4 52. h3 h5 53. Nh4+ Kh7 54. hxg4 fxg4 55. Rd1 Nd8 56. Kg3 Ne6 57. Nf5 Rf7 58. Rf1 Nxd4 59. c3 Nxf5+ 60. Rxf5 Rxf5 61. Bxb6 Rd3+ 62. Kg2 bxc3 0-1